| 000 | 00776nam a22001935i 4500 | ||
|---|---|---|---|
| 001 | 152580 | ||
| 003 | ES-MaACL | ||
| 005 | 20230906204813.0 | ||
| 008 | 951120s1842 sp |||| | spa d | ||
| 040 |
_aEUS _bspa _cEUS |
||
| 080 | _a013(460.32 Mallorca) | ||
| 080 | _a929(460.32 Mallorca) | ||
| 100 | 1 |
_aBover, Joaquín María ( _d1810-1865) _9146861 |
|
| 245 | 1 | 0 |
_aMemoria biográfica de los mallorquines que se han distinguido en la antigua y moderna literatura / _cpor Joaquín María Bover de Rosselló. |
| 260 |
_aPalma : _b[s.n.], _c1842 ( _fImp. Nacional a cargo de Juan Guasp y Pascual) |
||
| 300 |
_a504 p. ; _c21 cm. |
||
| 650 | 4 |
_aEscritores españoles- _zBaleares (Comunidad Autónoma)- _vBiobibliografías. _9146862 |
|
| 852 |
_aES-MaACL _jD-406 _z-- Enc. hol. |
||
| 999 |
_c152580 _d152580 |
||